FOUDATION OF REAL ANALYSIS (Record no. 216413)

MARC details
000 -LEADER
fixed length control field 00450nam a22001577a 4500
008 - FIXED-LENGTH DATA ELEMENTS--GENERAL INFORMATION
fixed length control field 260106b |||||||| |||| 00| 0 eng d
020 ## - INTERNATIONAL STANDARD BOOK NUMBER
International Standard Book Number 978-93-+89767-69-8
050 ## - LIBRARY OF CONGRESS CALL NUMBER
Classification number QA 331.5.G496 2023
100 ## - MAIN ENTRY--PERSONAL NAME
Personal name GHOSH DIPAK KHUMAR
245 ## - TITLE STATEMENT
Title FOUDATION OF REAL ANALYSIS
260 ## - PUBLICATION, DISTRIBUTION, ETC.
Place of publication, distribution, etc. INDIA
Name of publisher, distributor, etc. GLOBAL NET PUBLICATION
Date of publication, distribution, etc. 2023
300 ## - PHYSICAL DESCRIPTION
Extent X,758
650 ## - SUBJECT ADDED ENTRY
Topical term or geographic name entry element Fuctions of real variables-Mathematical analysis
942 ## - ADDED ENTRY ELEMENTS (KOHA)
Source of classification or shelving scheme Library of Congress Classification
Koha item type Long Loan Book
Holdings
Withdrawn status Lost status Source of classification or shelving scheme Damaged status Not for loan Collection Home library Current library Shelving location Date acquired Inventory number Total checkouts Full call number Barcode Date last seen Copy number Price effective from Koha item type
    Library of Congress Classification     Science & Technology Kisii University Library Kisii University Library On Display 01/06/2026 110703   QA 331.5.G496 2023 000000002959 01/06/2026 C.1 01/06/2026 Long Loan Book
    Library of Congress Classification     Science & Technology Kisii University Library Kisii University Library On Display 01/06/2026 110704   QA 331.5.G496 2023 000000002958 01/06/2026 C.2 01/06/2026 Long Loan Book
    Library of Congress Classification     Science & Technology Kisii University Library Kisii University Library On Display 01/06/2026 110705   QA 331.5.G496 2023 000000002957 01/06/2026 C.3 01/06/2026 Long Loan Book
    Library of Congress Classification     Science & Technology Kisii University Library Kisii University Library On Display 01/06/2026 110706   QA 331.5.G496 2023 000000022901 01/06/2026 C.4 01/06/2026 Long Loan Book